[Event "2024 British Rapidplay Championship"]
[Site "Holiday Inn Peterborough - West"]
[Date "2024.03.02"]
[Round "6.17"]
[White "Ledger, Stephen C"]
[Black "Hunt, Harriet V"]
[Result "0-1"]
[WhiteFideId "404470"]
[BlackFideId "403512"]
[WhiteElo "1983"]
[BlackElo "2342"]
[EventDate "2024.03.02"]

1. d4 Nf6 2. Bg5 e6 3. Nd2 h6 4. Bh4 d5 5. e3 c5 6. c3 Nc6 7. Ngf3 Be7 8. Bd3 Qb6
9. Qb1 g5 10. Bg3 Nh5 11. Ne5 Nxg3 12. hxg3 Nxe5 13. dxe5 Bd7 14. e4 c4 15. Be2 O-O-O
16. b3 Bc5 17. O-O cxb3 18. Qxb3 Bc6 19. exd5 Bxd5 20. Nc4 Qc7 21. Rab1 h5 22. Qa4
Bc6 23. Qb3 h4 24. g4 h3 25. Bf3 hxg2 26. Bxg2 Rh4 27. Nd6+ Bxd6 28. exd6 Rxd6 29.
f3 Rd2 30. Rf2 Qh2+ 31. Kf1 Rxf2+ 32. Kxf2 Rh3 0-1

[Event "2024 British Rapidplay Championship"]
[Site "Holiday Inn Peterborough - West"]
[Date "2024.03.02"]
[Round "6.18"]
[White "Jones, Steven A"]
[Black "Lishoy Gengis Paratazham, Dildarav"]
[Result "1-0"]
[WhiteFideId "419630"]
[BlackFideId "491462"]
[WhiteElo "2194"]
[BlackElo "1913"]
[EventDate "2024.03.02"]

1. e4 d6 2. d4 Nf6 3. Nc3 e5 4. Nf3 Nbd7 5. a4 c6 6. Bc4 Be7 7. O-O O-O 8. Re1 Qc7
9. Ba2 Re8 10. h3 Nf8 11. dxe5 dxe5 12. Ng5 Ne6 13. Nxe6 Bxe6 14. Bxe6 fxe6 15. Bg5
a5 16. Bxf6 Bxf6 17. Qg4 Rad8 18. Red1 Rd4 19. Ne2 Rd6 20. Ng3 Red8 21. Nh5 Qe7 22.
Rxd6 Rxd6 23. Rd1 Rxd1+ 24. Qxd1 Bg5 25. Qd3 g6 26. Ng3 Bh4 27. Nf1 Bg5 28. Qc3 Bf6
29. Qxa5 Qd7 30. Qd2 Qc7 31. b3 Kf7 32. Nh2 1-0

[Event "2024 British Rapidplay Championship"]
[Site "Holiday Inn Peterborough - West"]
[Date "2024.03.02"]
[Round "6.19"]
[White "Fraser-Mitchell, Jeremy N"]
[Black "Bowcott-Terry, Finlay"]
[Result "0-1"]
[WhiteFideId "405000"]
[BlackFideId "449199"]
[WhiteElo "1984"]
[BlackElo "2055"]
[EventDate "2024.03.02"]

1. d4 f5 2. h3 Nf6 3. g4 fxg4 4. hxg4 d5 5. g5 Ne4 6. Nf3 Bf5 7. Bf4 e6 8. Nbd2 Bd6
9. Bxd6 cxd6 10. Rg1 Nc6 11. c3 Qe7 12. e3 O-O 13. Nxe4 Bxe4 14. Nd2 Bg6 15. f4 e5
16. Qb3 exf4 17. O-O-O fxe3 18. Qxd5+ Bf7 19. Qh1 exd2+ 20. Rxd2 Qe1+ 21. Rd1 Qe3+
22. Rd2 Bg6 23. Bc4+ Kh8 24. Kd1 Rf2 25. Rxf2 Qxf2 26. Rf1 Qc2+ 0-1

[Event "2024 British Rapidplay Championship"]
[Site "Holiday Inn Peterborough - West"]
[Date "2024.03.02"]
[Round "6.21"]
[White "Quilter, Thomas A"]
[Black "Okhai, Shabir"]
[Result "0-1"]
[WhiteFideId "408530"]
[BlackFideId "445134"]
[WhiteElo "2051"]
[BlackElo "2077"]
[EventDate "2024.03.02"]

1. e4 e5 2. Nf3 Nc6 3. Bc4 Bc5 4. c3 Nf6 5. d4 exd4 6. cxd4 Bb4+ 7. Kf1 d5 8. exd5
Nxd5 9. Nc3 Bxc3 10. bxc3 O-O 11. Ng5 Bf5 12. Qf3 Nce7 13. Ba3 Be6 14. Nxe6 fxe6
15. Qe4 Rf6 16. Bxe7 Nxe7 17. Bxe6+ Kh8 18. Re1 c6 19. g3 Qa5 20. Bb3 Ng6 21. c4
Raf8 22. Re2 Qh5 23. Kg2 Qf5 24. Qxf5 Rxf5 25. Rhe1 Rd8 26. Re8+ Rf8 27. Rxf8+ Nxf8
28. d5 cxd5 29. cxd5 g6 30. Re7 Rd7 31. Rxd7 Nxd7 32. Kf3 Kg7 33. Ke3 Kf6 34. Kd4
Ke7 35. Bc2 Kd6 36. Be4 Nf6 37. Bg2 g5 38. h3 h6 39. Bh1 b6 40. Bg2 Nd7 41. Ke4 Nf6+
42. Kd4 Nd7 43. h4 Nf6 44. Bh1 Ng4 45. f4 gxh4 46. gxh4 Nf6 47. Bf3 a5 48. a4 Nd7
49. Ke4 Nc5+ 50. Kf5 Nxa4 51. Bd1 Nc3 52. Bc2 a4 53. Kg6 a3 54. Bb3 Nxd5 55. f5 Ne7
56. Kf6 b5 57. Be6 Nd5 58. Kg6 a2 59. Bxd5 Kxd5 60. f6 a1=Q 61. f7 Qf1 62. Kg7 b4
63. h5 b3 64. f8=Q Qxf8+ 65. Kxf8 b2 66. Kg7 b1=Q 0-1

[Event "2024 British Rapidplay Championship"]
[Site "Holiday Inn Peterborough - West"]
[Date "2024.03.02"]
[Round "6.22"]
[White "Dicen, Elis Denele"]
[Black "Harris, Michael"]
[Result "0-1"]
[WhiteFideId "462560"]
[BlackFideId "402028"]
[WhiteElo "1892"]
[BlackElo "2233"]
[EventDate "2024.03.02"]

1. d4 Nf6 2. c4 c5 3. d5 b5 4. cxb5 a6 5. bxa6 Bxa6 6. Nc3 d6 7. e4 Bxf1 8. Kxf1
g6 9. g3 Bg7 10. Kg2 O-O 11. Nf3 Nbd7 12. Qe2 Ng4 13. a4 Qa5 14. h3 Nge5 15. Nxe5
Nxe5 16. f4 Nd7 17. Bd2 Rfc8 18. Nb5 Qa6 19. Ra2 Nb6 20. b3 c4 21. bxc4 Rxc4 22.
Rb1 Rxa4 23. Rxa4 Nxa4 24. Qe3 Rc8 25. Qb3 Nb2 26. e5 Nc4 27. Bc3 dxe5 28. fxe5 Bxe5
29. Ra1 Qb7 30. Bxe5 Qxd5+ 31. Kh2 Qd2+ 32. Kh1 Nxe5 33. Rd1 Rc1 34. Rxc1 Qxc1+ 35.
Kh2 Qd2+ 36. Kh1 Qe1+ 37. Kh2 Qe2+ 38. Kg1 Nf3+ 39. Kh1 Qh2# 0-1

[Event "2024 British Rapidplay Championship"]
[Site "Holiday Inn Peterborough - West"]
[Date "2024.03.02"]
[Round "6.23"]
[White "Burrows, Martin P"]
[Black "Rich, Aaron"]
[Result "1-0"]
[WhiteFideId "409057"]
[BlackFideId "499951"]
[WhiteElo "2057"]
[BlackElo "1767"]
[EventDate "2024.03.02"]

1. e4 c5 2. Nf3 Nc6 3. Bb5 g6 4. Bxc6 dxc6 5. d3 Bg7 6. h3 Nf6 7. Nc3 Qc7 8. Be3
b6 9. Qd2 e5 10. Bh6 O-O 11. O-O Re8 12. Bxg7 Kxg7 13. Nh2 Nh5 14. Ne2 Be6 15. f4
exf4 16. Nxf4 Nxf4 17. Rxf4 Qe7 18. Raf1 Rad8 19. b3 Kg8 20. Qf2 Qd7 21. Nf3 Qd6
22. Ng5 f5 23. Nxe6 Rxe6 24. exf5 gxf5 25. Rxf5 Rde8 26. Qh4 Qd4+ 27. Qxd4 cxd4 28.
Rg5+ Kh8 29. Rf7 Re1+ 30. Kh2 Rc1 31. Rgg7 Rxc2 32. Rxh7+ Kg8 33. Rhg7+ Kh8 34. Rxa7
Rxa2 35. Rxa2 Kxg7 36. Ra6 Re3 37. Rxb6 Rxd3 38. Rxc6 Rxb3 39. Rd6 d3 40. Kg3 d2+
41. Kf4 Rb2 42. g4 Rb4+ 43. Kg5 Rb5+ 44. Kh4 Rb2 45. g5 Rb4+ 46. Kh5 Rb3 47. Rd7+
Kf8 48. h4 Rb2 49. g6 Ke8 50. Rd4 Kf8 51. Rd8+ Kg7 52. Rd7+ Kf8 53. Kh6 Rb8 54. Rxd2
Kg8 55. Rd7 Kh8 56. h5 Kg8 57. Rf7 Kh8 58. Re7 Rc8 59. Kg5 Rc5+ 60. Kg4 Rc4+ 61.
Kf5 Rc5+ 62. Kf6 Rc6+ 63. Re6 Rc8 64. h6 Rf8+ 65. Kg5 Rb8 66. Kf6 Rf8+ 67. Ke7 Rb8
68. Rd6 Rf8 69. g7+ Kh7 70. gxf8=N Kh8 71. Nd7 1-0

[Event "2024 British Rapidplay Championship"]
[Site "Holiday Inn Peterborough - West"]
[Date "2024.03.02"]
[Round "6.24"]
[White "Mikalajunas, Kajus"]
[Black "Vijayakumar, Rishi"]
[Result "0-1"]
[WhiteFideId "483621"]
[BlackFideId "2408953"]
[WhiteElo "2042"]
[BlackElo "1809"]
[EventDate "2024.03.02"]

1. d4 Nf6 2. c4 e6 3. Nc3 Bb4 4. Bd2 O-O 5. e3 b6 6. Nf3 d5 7. Bd3 Re8 8. O-O Bf8
9. Rc1 Bb7 10. Ne5 c5 11. Qf3 cxd4 12. exd4 Nc6 13. Nxc6 Bxc6 14. cxd5 Bxd5 15. Qh3
Rc8 16. Bg5 h6 17. Bxf6 gxf6 18. Rfd1 Bg7 19. Bb1 f5 20. Qd3 Kh8 21. Qb5 Bc6 22.
Qd3 Qg5 23. d5 Bxd5 24. g3 Bc6 25. Qf1 Red8 26. Ne2 Rxd1 27. Rxd1 Qg4 28. h3 Qf3
29. Kh2 Bb5 30. Re1 Rd8 31. Ng1 Qd5 32. Qg2 Qxg2+ 33. Kxg2 Rd2 34. Nf3 Rxb2 35. Rc1
Be2 36. g4 Bxf3+ 37. Kxf3 fxg4+ 38. hxg4 Bd4 39. Bc2 Rxa2 40. Ke2 Bb2 41. Rd1 Be5
42. Kd3 Kg7 43. Re1 Ra3+ 44. Ke2 Bf4 45. Rd1 Rc3 46. Be4 a5 47. Rd7 Rc7 48. Rd8 Rc4
49. f3 Rb4 50. Rd7 Rb2+ 51. Ke1 a4 52. Ra7 b5 53. Bc6 Be3 54. Rb7 a3 55. Rb8 a2 56.
Ra8 Rb1+ 57. Ke2 a1=Q 58. Rxa1 Rxa1 59. Kxe3 b4 60. Kd3 Kf6 61. Be4 Ke5 62. Kc4 Re1
63. Ba8 Kf4 64. Kxb4 Re3 65. Kc5 Rxf3 66. Kd6 Kxg4 67. Ke5 Rf5+ 68. Ke4 h5 69. Ke3
h4 70. Ke2 h3 71. Ke3 Kg3 72. Ke2 h2 73. Bh1 Re5+ 74. Kf1 Ra5 0-1

[Event "2024 British Rapidplay Championship"]
[Site "Holiday Inn Peterborough - West"]
[Date "2024.03.02"]
[Round "6.25"]
[White "Fava, Lorenzo"]
[Black "Starley, Robert"]
[Result "1/2-1/2"]
[WhiteFideId "2837434"]
[BlackFideId "421006"]
[WhiteElo "1913"]
[BlackElo "1944"]
[EventDate "2024.03.02"]

1. c4 Nf6 2. Nf3 e6 3. b3 d5 4. Bb2 Be7 5. e3 O-O 6. d4 b6 7. Bd3 Bb7 8. Nbd2 Nbd7
9. Qc2 h6 10. cxd5 Nxd5 11. a3 Rc8 12. Rc1 c5 13. Qb1 cxd4 14. Rxc8 Qxc8 15. Nxd4
Ne5 16. Bc2 Bf6 17. O-O Rd8 18. Ne4 Be7 19. Qa1 Nf6 20. Rc1 Qd7 21. Nxf6+ Bxf6 22.
Ne2 Ng4 23. h3 Bxb2 24. Qxb2 Nf6 25. Rd1 Qc7 26. Rxd8+ Qxd8 27. Qd4 Qxd4 28. Nxd4
a6 29. f3 Kf8 30. Kf2 Ke7 31. e4 Nd7 32. Ke3 g6 33. h4 e5 34. Ne2 Nf6 35. b4 Bc8
36. Nc3 Be6 37. Bd3 a5 38. Na4 axb4 39. axb4 Nd7 40. Bb5 Bb3 41. Bxd7 Kxd7 42. Nxb6+
Kc6 43. Nd5 Bxd5 44. exd5+ Kxd5 45. g4 f5 46. h5 f4+ 47. Kd3 g5 48. b5 e4+ 49. fxe4+
Kc5 50. Kc3 Kxb5 51. Kd4 Kc6 52. e5 Kd7 53. Kd3 Ke7 54. Kd4 Kd7 55. Kd3 Kc6 56. Kd4
Kd7 57. Kd3 Ke6 58. Ke4 f3 59. Kxf3 Kxe5 60. Ke3 1/2-1/2

[Event "2024 British Rapidplay Championship"]
[Site "Holiday Inn Peterborough - West"]
[Date "2024.03.02"]
[Round "6.26"]
[White "Sasikumar, Srivathsan"]
[Black "Birtwistle, Nigel"]
[Result "0-1"]
[WhiteFideId "343401279"]
[BlackFideId "406945"]
[WhiteElo "1766"]
[BlackElo "2114"]
[EventDate "2024.03.02"]

1. e4 c5 2. a3 g6 3. Nc3 Bg7 4. Nf3 Nc6 5. Bc4 e6 6. d3 a6 7. O-O Nge7 8. Re1 O-O
9. Bf4 d5 10. exd5 exd5 11. Ba2 b5 12. Qd2 c4 13. d4 Nf5 14. Ne2 Nd6 15. Ng3 f6 16.
Bh6 Bg4 17. Bxg7 Kxg7 18. Re3 Ra7 19. Rae1 Rff7 20. h3 Bc8 21. c3 a5 22. Bb1 b4 23.
h4 bxa3 24. bxa3 Rab7 25. h5 Rb3 26. hxg6 hxg6 27. Nh2 f5 28. f4 Ne4 29. Nxe4 fxe4
30. Rg3 Rxa3 31. Rf1 Bf5 32. Rg5 Rb3 33. g4 e3 34. Qa2 Bxb1 35. Rxb1 Rxf4 36. Re5
Nxe5 37. dxe5 Qb6 38. Re1 Rb2 39. Qa4 e2+ 40. Kh1 Qf2 41. Qd7+ Rf7 42. Qxd5 Qxe1+
43. Kg2 Rf2+ 44. Kh3 Rxh2+ 45. Kxh2 Qh4+ 46. Kg2 e1=Q+ 47. Kf3 Qhf2# 0-1

[Event "2024 British Rapidplay Championship"]
[Site "Holiday Inn Peterborough - West"]
[Date "2024.03.02"]
[Round "6.27"]
[White "Tiruchirapalli, Venkataramanan"]
[Black "Grigoryan, Meri"]
[Result "1-0"]
[WhiteFideId "5001579"]
[BlackFideId "13300571"]
[WhiteElo "2263"]
[BlackElo "1957"]
[EventDate "2024.03.02"]

1. e4 e5 2. Nf3 Nc6 3. Bb5 a6 4. Ba4 Nf6 5. O-O b5 6. Bb3 Be7 7. d4 d6 8. c3 Bg4
9. Be3 O-O 10. h3 Bh5 11. Nbd2 Re8 12. d5 Na5 13. Bc2 c5 14. b4 cxb4 15. cxb4 Nb7
16. a4 Qd7 17. axb5 axb5 18. Qe2 Reb8 19. Ba7 Rc8 20. Bd3 Nd8 21. Bxb5 Qb7 22. Ba6
Qxb4 23. Bxc8 Rxc8 24. Rfb1 Qc3 25. Rc1 Qxc1+ 26. Rxc1 Rxc1+ 27. Kh2 Nb7 28. Nb3
Rc7 29. Bb6 Rd7 30. Qb5 Bxf3 31. gxf3 g6 32. Be3 Rc7 33. Qb6 Rd7 34. Bg5 Nd8 35.
h4 Kg7 36. Na5 h6 37. Be3 g5 38. Nc6 Rb7 39. Qa5 Rd7 40. Nxe7 1-0

[Event "2024 British Rapidplay Championship"]
[Site "Holiday Inn Peterborough - West"]
[Date "2024.03.02"]
[Round "6.28"]
[White "Verbytski, Oleg"]
[Black "Buckley, Graeme N"]
[Result "1-0"]
[WhiteFideId "495506"]
[BlackFideId "402265"]
[WhiteElo "1894"]
[BlackElo "2267"]
[EventDate "2024.03.02"]

1. e4 c5 2. Nf3 Nc6 3. d4 cxd4 4. Nxd4 Nf6 5. Nc3 d6 6. Be2 e5 7. Nb3 Be7 8. Be3
O-O 9. O-O Be6 10. Re1 Nb8 11. Bf3 Nbd7 12. Qe2 a6 13. a4 Rc8 14. Nd5 Nxd5 15. exd5
Bf5 16. Rac1 Nf6 17. Qd2 Qd7 18. a5 Bg4 19. Bxg4 Qxg4 20. f3 Qc4 21. Red1 Qb5 22.
Qd3 Qxd3 23. Rxd3 Rc4 24. Nd2 Rb4 25. b3 Rb5 26. c4 Rxa5 27. b4 Ra2 28. c5 Rc8 29.
Nc4 Ne8 30. Na5 Rb2 31. cxd6 Nxd6 32. Rxc8+ Nxc8 33. Bc5 f5 34. Bxe7 Nxe7 35. d6
Nc6 36. Nxc6 1-0

[Event "2024 British Rapidplay Championship"]
[Site "Holiday Inn Peterborough - West"]
[Date "2024.03.02"]
[Round "6.29"]
[White "Ashton, Adam G"]
[Black "Yu, Rock"]
[Result "1-0"]
[WhiteFideId "410110"]
[BlackFideId "489000"]
[WhiteElo "2345"]
[BlackElo "1907"]
[EventDate "2024.03.02"]

1. e4 Nf6 2. e5 Nd5 3. d4 d6 4. Bc4 Nb6 5. Bb3 dxe5 6. Qh5 e6 7. dxe5 c5 8. Na3 Nc6
9. Nf3 g6 10. Qg4 Bg7 11. Bg5 Qc7 12. Nb5 Qb8 13. Nd6+ Kd7 14. O-O-O Nd4 15. Nxd4
cxd4 16. Qxd4 Kc6 17. Qc3+ 1-0

[Event "2024 British Rapidplay Championship"]
[Site "Holiday Inn Peterborough - West"]
[Date "2024.03.02"]
[Round "6.30"]
[White "Mirzoeva, Elmira"]
[Black "Hanache, Kai"]
[Result "1/2-1/2"]
[WhiteFideId "4127951"]
[BlackFideId "490105"]
[WhiteElo "2206"]
[BlackElo "1886"]
[EventDate "2024.03.02"]

1. Nf3 Nf6 2. b3 e6 3. c4 c5 4. Bb2 Be7 5. g3 d5 6. Bg2 d4 7. b4 O-O 8. O-O a6 9.
d3 Nc6 10. b5 axb5 11. cxb5 Nb4 12. Qb3 Qd5 13. Nxd4 Qxb3 14. Nxb3 Nc2 15. Nc3 Nxa1
16. Rxa1 Rd8 17. Nd2 Nd5 18. Nc4 Bf6 19. Ne4 Bxb2 20. Nxb2 Bd7 21. Nxc5 Bxb5 22.
Nxb7 Rdc8 23. Nd6 Rc2 24. Nxb5 Rxb2 25. Nc3 Ra5 26. Nxd5 exd5 27. Rc1 g6 28. Bf3
Kg7 29. a4 h5 30. Rc7 d4 31. Rd7 Rxa4 32. h4 Ra1+ 33. Kg2 Ra4 34. Bd5 Rxe2 35. Rxf7+
Kh6 36. Be4 Raa2 37. Rf6 Kg7 38. Rf4 Ra1 39. Bd5 Ra5 40. Rxd4 Rc5 41. Bf3 Rd2 42.
Rd7+ Kh6 43. Be4 Rcc2 44. Rf7 Rb2 45. Rf6 Kg7 46. Rf4 Kh6 47. Rf7 Rbc2 48. Rf8 Kg7
49. Rf4 Kh6 50. d4 Rb2 51. d5 Rb4 52. Kf3 Rb3+ 53. Kg2 Rb4 54. Kf3 Rb3+ 55. Kg2 Rb4
56. Kf3 1/2-1/2

[Event "2024 British Rapidplay Championship"]
[Site "Holiday Inn Peterborough - West"]
[Date "2024.03.02"]
[Round "6.31"]
[White "Tart, Peter K"]
[Black "Shearsby, Jude"]
[Result "0-1"]
[WhiteFideId "471070"]
[BlackFideId "462527"]
[WhiteElo "1987"]
[BlackElo "2028"]
[EventDate "2024.03.02"]

1. e4 Nc6 2. Nc3 e6 3. d4 Bb4 4. Nf3 d5 5. Bd3 dxe4 6. Bxe4 Nf6 7. Bg5 h6 8. Bxf6
Qxf6 9. O-O O-O 10. Ne2 Bd7 11. c3 Bd6 12. Ng3 Rad8 13. Re1 Rfe8 14. Qd3 g6 15. Rad1
Qg7 16. Qc2 b5 17. b3 Ne7 18. c4 c6 19. Nf1 Kh8 20. Ne3 Nf5 21. Ng4 bxc4 22. bxc4
c5 23. d5 e5 24. h3 Nd4 25. Nxd4 exd4 26. Bf3 Bf5 27. Qa4 Rxe1+ 28. Rxe1 d3 29. Re8+
Rxe8 30. Qxe8+ Kh7 31. Ne3 d2 32. Nxf5 Qa1+ 0-1

[Event "2024 British Rapidplay Championship"]
[Site "Holiday Inn Peterborough - West"]
[Date "2024.03.02"]
[Round "6.32"]
[White "Mokhber-Garcia, Sebastian"]
[Black "Hryshchenko, Kamila"]
[Result "1/2-1/2"]
[WhiteFideId "499269"]
[BlackFideId "14147491"]
[WhiteElo "1909"]
[BlackElo "2118"]
[EventDate "2024.03.02"]

1. e4 g6 2. d4 Bg7 3. Nc3 d6 4. Be3 c6 5. Nf3 Nf6 6. h3 O-O 7. Qd2 b5 8. Bd3 Nbd7
9. Bh6 e5 10. dxe5 dxe5 11. Bxg7 Kxg7 12. Ne2 Qe7 13. Ng3 Nc5 14. O-O h6 15. Qe3
Nfd7 16. Nd2 Ne6 17. Ne2 Qb4 18. a3 Qc5 19. Qg3 Re8 20. Kh1 Nf6 21. Nb3 Qd6 22. Rad1
Qc7 23. Qe3 Nh5 24. Nc5 Nef4 25. Ng3 Nf6 26. Ne2 N6h5 27. Ng3 Qe7 28. Nxh5+ Nxh5
29. Be2 Nf4 30. Nd3 Nxd3 31. Rxd3 Be6 32. Rc3 Rac8 33. Rd1 a6 34. Qb6 Qh4 35. Qe3
c5 36. Rxc5 Rxc5 37. Qxc5 Qxe4 38. Bf3 Qf4 39. Qc6 Rc8 40. Qe4 Qxe4 41. Bxe4 f5 42.
Bb7 Rxc2 43. Bxa6 Rxb2 44. Rd6 Bc4 45. Rb6 Rxf2 46. Bxb5 Bd5 47. Bc6 Bxc6 48. Rxc6
Ra2 49. Rc3 Kf6 50. Kh2 f4 51. h4 Kf5 52. Kh3 g5 53. g4+ fxg3 54. Kxg3 g4 55. h5
Ra1 56. Re3 Rh1 57. Kg2 Rxh5 58. a4 Kf4 59. Ra3 Rf5 60. a5 Rf7 61. Ra4+ e4 62. Kf2
h5 63. a6 Ra7 64. Ra5 h4 65. Kg2 Ke3 66. Ra3+ Kd4 67. Ra4+ Kd5 68. Ra3 e3 69. Ra4
e2 70. Kf2 Re7 71. Ke1 Re8 72. Rxg4 h3 73. Rh4 Kc6 74. Rxh3 1/2-1/2

[Event "2024 British Rapidplay Championship"]
[Site "Holiday Inn Peterborough - West"]
[Date "2024.03.02"]
[Round "6.33"]
[White "McCusker, Andrew"]
[Black "Jackson, Sheila"]
[Result "0-1"]
[WhiteFideId "2404281"]
[BlackFideId "402508"]
[WhiteElo "1786"]
[BlackElo "1986"]
[EventDate "2024.03.02"]

1. d4 Nf6 2. c4 e5 3. dxe5 Ng4 4. e3 Nxe5 5. Nc3 Nbc6 6. f4 Ng6 7. Nf3 Bb4 8. Bd3
d6 9. O-O O-O 10. Nd5 Bc5 11. Kh1 f5 12. Qc2 Nb4 13. Nxb4 Bxb4 14. Nd4 Qf6 15. Bd2
Bxd2 16. Qxd2 Bd7 17. Rae1 Rae8 18. Qa5 c5 19. Nb5 a6 20. Nc7 Rc8 21. Nd5 Qd8 22.
Qd2 b5 23. e4 fxe4 24. Bxe4 Bf5 25. Bxf5 Rxf5 26. g4 Rf7 27. f5 Ne5 28. g5 Nxc4 29.
Qg2 Ne5 30. f6 gxf6 31. Rxf6 Rg7 32. Nf4 Qxf6 33. gxf6 Rxg2 34. Kxg2 Kf7 35. Nd5
Ke6 36. Ne7 Rf8 37. Rd1 Rxf6 38. Nc8 d5 39. Nb6 d4 40. b4 Nc4 41. Re1+ Ne3+ 42. Kg3
cxb4 43. h3 Kd6 44. Nc8+ Kd7 45. Nb6+ Rxb6 0-1

[Event "2024 British Rapidplay Championship"]
[Site "Holiday Inn Peterborough - West"]
[Date "2024.03.02"]
[Round "6.34"]
[White "Jermy, Jaden"]
[Black "Ortiz Sanchez, Luis"]
[Result "1/2-1/2"]
[WhiteFideId "459496"]
[BlackFideId "24581160"]
[WhiteElo "1978"]
[BlackElo "1909"]
[EventDate "2024.03.02"]

1. d4 d6 2. Nf3 Nf6 3. g3 g6 4. Bg2 Bg7 5. O-O O-O 6. c4 Nbd7 7. Nc3 c6 8. h3 Re8
9. e4 e5 10. Be3 Qc7 11. Qc2 b6 12. Rfd1 Bb7 13. Rac1 Rad8 14. b4 a6 15. d5 cxd5
16. cxd5 Rc8 17. Qb3 Qb8 18. Nd2 b5 19. Qb2 Rc7 20. Nb3 Rec8 21. Na5 Ba8 22. Ne2
Nb6 23. Rxc7 Rxc7 24. Rc1 Nc4 25. Nxc4 bxc4 26. a4 Nd7 27. Nc3 f5 28. f3 Nf6 29.
Rb1 f4 30. gxf4 exf4 31. Bxf4 Ne8 32. Qd2 Rf7 33. Bg3 Qd8 34. b5 Qa5 35. Be1 axb5
36. Rxb5 Qa7+ 37. Bf2 Qe7 38. Rb8 Bb7 39. Qb2 Qe5 40. Rxb7 Rxb7 41. Qxb7 Qxc3 42.
Qe7 Qa1+ 43. Bf1 Qxa4 44. Bxc4 Bf6 45. Qe6+ Kg7 46. Bf1 Qa8 47. f4 Qd8 48. e5 dxe5
49. fxe5 Bg5 50. d6 Kh6 51. Qg4 Ng7 52. h4 Bc1 53. Bd3 Nh5 54. Qc4 Bf4 55. Qc7 Qa8
56. d7 Qf3 57. d8=Q Qg4+ 58. Kf1 Qd1+ 59. Kg2 Qg4+ 60. Kf1 Qd1+ 61. Be1 Qf3+ 62.
Bf2 Qd1+ 63. Be1 Qf3+ 64. Bf2 Qd1+ 65. Be1 Qf3+ 1/2-1/2

[Event "2024 British Rapidplay Championship"]
[Site "Holiday Inn Peterborough - West"]
[Date "2024.03.02"]
[Round "6.35"]
[White "Manley, Jon P"]
[Black "Botteley, Michael T"]
[Result "1-0"]
[WhiteFideId "403296"]
[BlackFideId "427411"]
[WhiteElo "2160"]
[BlackElo "1896"]
[EventDate "2024.03.02"]

1. e4 c6 2. d4 d5 3. Nc3 dxe4 4. Nxe4 Nf6 5. Nxf6+ exf6 6. c3 Bd6 7. Bd3 O-O 8. Qc2
Re8+ 9. Ne2 h6 10. Be3 Nd7 11. O-O-O Qc7 12. Kb1 b5 13. Ng3 Nb6 14. Bc1 Be6 15. Nf5
Bf8 16. h4 a5 17. g4 Nd5 18. g5 fxg5 19. hxg5 Bxf5 20. Bxf5 g6 21. Bd3 h5 22. Bxg6
fxg6 23. Qxg6+ Qg7 24. Qxh5 Bd6 25. Rh4 a4 26. Rdh1 a3 27. g6 axb2 28. Bxb2 Ba3 29.
Qg4 Nf6 30. Qg5 Re6 31. Qf5 Rd6 32. Rh8+ Qxh8 33. Rxh8+ Kxh8 34. Qe5 Rad8 35. Bxa3
b4 36. Bxb4 1-0

[Event "2024 British Rapidplay Championship"]
[Site "Holiday Inn Peterborough - West"]
[Date "2024.03.02"]
[Round "6.36"]
[White "Keohane, Benedict A"]
[Black "Khoury, Theo"]
[Result "0-1"]
[WhiteFideId "433950"]
[BlackFideId "480703"]
[WhiteElo "1855"]
[BlackElo "1968"]
[EventDate "2024.03.02"]

1. e4 c5 2. b3 d6 3. Bb2 Nf6 4. Nc3 e6 5. g3 Be7 6. Bg2 O-O 7. Nge2 Nc6 8. O-O a6
9. Nf4 Qc7 10. a4 Rb8 11. Nce2 b5 12. axb5 axb5 13. d4 cxd4 14. Nxd4 Nxd4 15. Qxd4
e5 16. Qa7 Rb7 17. Qe3 exf4 18. gxf4 Rb8 19. e5 Ng4 20. Qa7 Bb7 21. f3 dxe5 22. Kh1
Bc5 23. Qa2 Ra8 24. Qb1 Nf2+ 25. Kg1 Nd3+ 26. Kh1 Nxb2 27. Qxb2 Bd4 28. c3 Bxc3 29.
Qc2 Rxa1 30. Rxa1 Rd8 31. Rc1 b4 32. Rd1 exf4 33. h3 g6 34. Kh2 Qe7 35. Rxd8+ Qxd8
36. Qf2 Bd4 37. Qe1 Qd6 38. Qe8+ Kg7 39. Qb5 Bc6 40. Qc4 Bf2 41. Qc1 Bg3+ 42. Kh1
Qf6 43. Qd1 Qc3 0-1

[Event "2024 British Rapidplay Championship"]
[Site "Holiday Inn Peterborough - West"]
[Date "2024.03.02"]
[Round "6.37"]
[White "Lees, Nicholas"]
[Black "White, Stuart A"]
[Result "0-1"]
[WhiteFideId "444073"]
[BlackFideId "407747"]
[WhiteElo "1802"]
[BlackElo "2147"]
[EventDate "2024.03.02"]

1. d4 Nf6 2. Bf4 d5 3. Nf3 c5 4. c3 Nc6 5. e3 Qb6 6. Qc2 g6 7. Be2 Bf5 8. Qc1 Bg7
9. O-O O-O 10. Nbd2 cxd4 11. Nxd4 Nxd4 12. exd4 Ne4 13. g4 Nxd2 14. Qxd2 Bd7 15.
Bg3 Bb5 16. h4 Rac8 17. Rae1 Rfe8 18. Kg2 Qa6 19. Bxb5 Qxb5 20. Re3 Qd7 21. f3 b5
22. a3 a5 23. Rfe1 Rc4 24. g5 b4 25. axb4 axb4 26. Ra1 Rec8 27. Qe1 Bf8 28. h5 bxc3
29. bxc3 Qf5 30. hxg6 hxg6 31. Re5 Qc2+ 32. Kh3 e6 33. Rc1 Qd3 34. Re3 Qf5+ 35. Kh4
Be7 36. f4 Kg7 37. Bh2 Rh8+ 38. Kg3 Qh3+ 39. Kf2 Qxh2+ 40. Kf1 Qxf4+ 41. Ke2 Bxg5
42. Kd3 Qf5+ 43. Kd2 Rh2+ 44. Kd1 Bxe3 45. Qxe3 Qf1+ 46. Qe1 Qd3+ 0-1

[Event "2024 British Rapidplay Championship"]
[Site "Holiday Inn Peterborough - West"]
[Date "2024.03.02"]
[Round "6.38"]
[White "Surtees, Mike J"]
[Black "Keerthi Kumar, Advait"]
[Result "0-1"]
[WhiteFideId "412619"]
[BlackFideId "498033"]
[WhiteElo "2035"]
[BlackElo "1838"]
[EventDate "2024.03.02"]

1. e4 c5 2. d3 Nc6 3. f4 g6 4. Be3 b6 5. c3 Nf6 6. h3 Bg7 7. g4 O-O 8. Bg2 e5 9.
Ne2 d6 10. Na3 Bb7 11. O-O Ne7 12. fxe5 dxe5 13. Nc4 Nc6 14. a4 Qc7 15. Bg5 Ne8 16.
Qd2 Nd6 17. Ne3 Na5 18. Qc2 c4 19. d4 Nb3 20. Rad1 Bc6 21. dxe5 Bxe5 22. Nd5 Bxd5
23. exd5 Nc5 24. Nd4 Nd3 25. Nc6 Bg7 26. Rxd3 cxd3 27. Qxd3 Rfe8 28. b4 Qd7 29. c4
Rac8 30. c5 bxc5 31. bxc5 Nb7 32. Qc4 h6 33. Bf4 g5 34. Bd2 Bf8 35. Bb4 a5 36. Ba3
Re3 37. Bc1 Ree8 38. Bb2 Bxc5+ 39. Kh1 Re3 40. Rf6 Bf8 41. Rxh6 Bxh6 42. Qd4 Re1+
43. Bf1 Rxf1+ 44. Kg2 f6 45. Kxf1 Bg7 46. Qd3 Rxc6 0-1

[Event "2024 British Rapidplay Championship"]
[Site "Holiday Inn Peterborough - West"]
[Date "2024.03.02"]
[Round "6.39"]
[White "Lalic, Susan K"]
[Black "Borrowdale, Graham E"]
[Result "1/2-1/2"]
[WhiteFideId "401510"]
[BlackFideId "416673"]
[WhiteElo "2059"]
[BlackElo "1905"]
[EventDate "2024.03.02"]

1. e4 e6 2. d4 d5 3. e5 c5 4. c3 Nc6 5. Nf3 Nge7 6. Na3 cxd4 7. cxd4 Nf5 8. Nc2 Be7
9. Bd3 O-O 10. O-O f6 11. Bxf5 exf5 12. b3 Be6 13. Re1 Qd7 14. Ba3 Bxa3 15. Nxa3
a6 16. Nc2 Rac8 17. Qd2 f4 18. Nb4 fxe5 19. Nxc6 Qxc6 20. Nxe5 Qc2 21. Rad1 Bf5 22.
Qa5 Rcd8 23. Rd2 Qc8 24. Qc5 Qxc5 25. dxc5 d4 26. Red1 Rfe8 27. Nf3 d3 28. b4 h6
29. h4 Bg4 30. Kf1 Kh7 31. Rxd3 Rxd3 32. Rxd3 Re4 33. a3 Kg6 34. Kg1 Kf5 35. Rd7
g5 36. hxg5 hxg5 37. Rd5+ Kf6 38. Nxg5 Re5 39. Rxe5 Kxe5 40. f3 Bf5 41. Nh3 Kd4 42.
Nxf4 Kc4 43. g4 Bb1 44. Ne6 Kb3 45. Nd8 Kxa3 46. Nxb7 Kxb4 47. c6 Ba2 48. f4 Kb5
49. Nd8 Kb6 50. Kf2 a5 51. Ke3 a4 52. Kd4 Kc7 53. Nb7 Kxc6 54. Nc5 a3 55. Nd3 Bg8
56. Nb4+ Kd6 57. f5 a2 58. Nxa2 Bxa2 59. Ke4 Bb1+ 60. Kf4 Ke7 61. Kg5 Kf7 62. Kf4
Kg7 63. g5 Bxf5 64. Kxf5 Kf7 65. g6+ Kg7 66. Kg5 Kg8 67. Kf6 Kf8 68. g7+ Kg8 1/2-1/2